| 000 | 00781nam a2200205 a 4500 | ||
|---|---|---|---|
| 003 | 0 | ||
| 005 | 20250605134745.0 | ||
| 008 | 021126s19uu xx 00 eng d | ||
| 050 |
_aPGS GV 1469.34.C57 _b.Or77 2000 |
||
| 100 | _aOrtaliz, Kenneth A. | ||
| 245 |
_aA study of video games among grade six students of Southville International School / _cKenneth A. Ortaliz. |
||
| 260 |
_aLas PiƱas City, Philippines : _bSouthville International School and Colleges, _c2000. |
||
| 300 |
_a25 pages : _bcolored illustrations ; _c28 cm. |
||
| 504 | _aIncludes bibliographical references. | ||
| 650 | _aVideo games and children. | ||
| 650 |
_aComputer games _vSocial aspects. |
||
| 650 |
_aMedia use _vElementary school students. |
||
| 650 |
_aChildren _vRecreation. |
||
| 942 |
_2lcc _cPASS |
||
| 999 |
_c96386 _d96386 |
||